000 00334nam a2200145Ia 4500
008 191201s2011 xx 000 0 und d
082 _a658.8
_bJOI
100 _aJOSHI,Rakesh Mohan
245 0 _aInternational Marketing
250 _aIMP 15
260 _aN. delhi
_bOxford
_c2011
300 _a750
650 _aMBA
942 _2ddc
_cBK
999 _c5143
_d5143